American (continent) cities which have changed their name - Statistics

General Stats
  • This quiz has been taken 26 times
  • The average score is 5 of 20
Answer Stats
Current name Old name % Correct
New York City New Amsterdam
100%
Mexico City Tenochtitlán
88%
Toronto York
54%
Montreal Ville Marie
50%
Albuquerque Alburquerque
46%
Santo Domingo Ciudad Trujillo
46%
Vancouver Granville
29%
Barrow Utqiaġvik
25%
Lima Ciudad de los Reyes
25%
Kingston Port Royal
21%
Ciudad del Este Puerto Flor de Lis
17%
Austin Waterloo
13%
Manaus São José da Barra do Rio Negro
8%
Porto Alegre Porto dos Casais
8%
Ciudad Bolívar Angostura
4%
Orlando Jernigan
4%
Saint Paul Pig's Eye
4%
Gustavia Le Carénage
0%
Lincoln Lancaster
0%
Roanoke Big Lick
0%
No matching quizzes found
Score Distribution
Percent of People with Each Score
Percentile by Number Answered
Your Score History
You have not taken this quiz